Managing business in the twenty-first century / (Record no. 132097)

MARC details
000 -LEADER
fixed length control field 00841nam a22002657a 4500
003 - CONTROL NUMBER IDENTIFIER
control field dpl
005 - DATE AND TIME OF LATEST TRANSACTION
control field 20180621122229.0
008 - FIXED-LENGTH DATA ELEMENTS--GENERAL INFORMATION
fixed length control field 180621b xxu||||| |||| 00| 0 eng d
010 ## - LIBRARY OF CONGRESS CONTROL NUMBER
LC control number B-163269
020 ## - INTERNATIONAL STANDARD BOOK NUMBER
Terms of availability 575.00
International Standard Book Number 0195665252
035 ## - SYSTEM CONTROL NUMBER
System control number B-163269, B-163310
037 ## - SOURCE OF ACQUISITION
Source of stock number/acquisition Cen Lib/Ret
040 ## - CATALOGING SOURCE
Original cataloging agency DPL
Language of cataloging EN
Transcribing agency 0
082 ## - DEWEY DECIMAL CLASSIFICATION NUMBER
Classification number 658
Item number MAN
245 ## - TITLE STATEMENT
Title Managing business in the twenty-first century /
Statement of responsibility, etc edited by Anindya Sen [and] P.K.Sett
260 ## - PUBLICATION, DISTRIBUTION, ETC. (IMPRINT)
Place of publication, distribution, etc New Delhi
Name of publisher, distributor, etc Oxford University Press
Date of publication, distribution, etc 2005
270 ## - ADDRESS
Address YMCA Library Building, Jai Singh Road
City New Delhi
Postal code 110001
300 ## - PHYSICAL DESCRIPTION
Extent xii,291p. :
Dimensions 23cm(Hb)
Other physical details ill.
500 ## - GENERAL NOTE
General note Includes index
650 ## - SUBJECT ADDED ENTRY--TOPICAL TERM
Topical term or geographic name as entry element Industrial management
9 (RLIN) 33694
650 ## - SUBJECT ADDED ENTRY--TOPICAL TERM
Topical term or geographic name as entry element Management
9 (RLIN) 3072
700 ## - ADDED ENTRY--PERSONAL NAME
Personal name Sen, Anindya
9 (RLIN) 13845
700 ## - ADDED ENTRY--PERSONAL NAME
Personal name Sett, P.K.
9 (RLIN) 33695
942 ## - ADDED ENTRY ELEMENTS (KOHA)
Source of classification or shelving scheme Dewey Decimal Classification
Koha item type English Books
Classification part 658
Call number suffix MAN
Holdings
Withdrawn status Lost status Damaged status Not for loan Home library Current library Date acquired Source of acquisition Cost, normal purchase price Total Checkouts Full call number Barcode Date last seen Date checked out Copy number Cost, replacement price Price effective from Koha item type Source of classification or shelving scheme Collection code
        Central Library Central Library 21/07/2015 Cen Lib/Ret 575.00 1 658 MAN B-163269 19/02/2024 08/02/2024 1 575.00 21/07/2015 English Books    
        Sarojini Nagar Sarojini Nagar 07/05/2019     1 658 MAN B-163271 13/11/2020 17/10/2020     07/05/2019 English Books Dewey Decimal Classification Non-fiction
        Shahdara Branch Shahdara Branch 21/06/2018 BPPD/PUB 575.00   658 MAN B-163310 21/06/2018     575.00 21/06/2018 English Books Dewey Decimal Classification Non-fiction

© Delhi Public Library
Hit Counter
free hit counter